00694nam a22001817a 4500003000400000005001700004008004100021040001400062100003300076245010400109260000900213300002800222500010000250504002700350942001600377999001500393952010400408OSt20171010095439.0120604t xxu||||| |||| 00| 0 eng d aMMSUcULS aValdez, Sheraldine Y. 99973 aAntitermicidal activity of Martial law (Chromolaena odorata I.) leaf extractcSheraldine Y. Valdez  c2007 axv, 39 leaves c28 cm.  aThesis (BS Biology) -- Mariano Marcos State University-College of Arts and Sciences, Batac City aBibliography: leaf 25  2ddccTHEDIS c9531d9531 00102lcc4070aREFbREFd2012-06-04l0p3323-Unr2017-10-10w2017-10-10yTHEDISzLibrary Use only